000 00201nam a2200097Ia 4500
008 190216s9999||||xx |||||||||||||| ||und||
100 _aMani P K
245 0 _aAdhyam Rand
260 _bNull
942 _cBK
999 _c24499
_d24499